• 首页
  • 本馆介绍
  • 公告通知
  • 最新文献
  • 馆藏检索
  • 电子资源
  • 读者导购
  • 参考咨询
  • 我的图书馆
  • 登录
  • 详细信息显示
  • 放入我的书架
  • 预约/预借图书
  • 作者相关作品
  • 分类相关作品
  • 丛书相关作品
  • 出版社相关作品

书目信息

  • 表格格式
  • 工作单格式
  • 卡片格式
题名:
卢梭全集
    
 
作者: 卢梭 著 ;李平沤 译
分册: 第3卷   一个孤独的散步者的梦及其他
出版信息: 北京   商务印书馆  2012.06
页数: 294页
开本: 24cm
丛书名:
单 册:
中图分类: B565.26-52 , I565.64
科图分类:
主题词: 散文集--法国--近代 , 散文集
电子资源:
ISBN: 978-7-100-09155-8
000 01075nam0 2200301 450
001 005992545
005 20130426102856.39
010    @a978-7-100-09155-8@b精装@dCNY69.00
100    @a20120821d2012 em y0chiy0110 ea
101 1  @achi@cfre
102    @aCN@b110000
105    @aa z 000cy
106    @ar
200 1  @a卢梭全集@9lu suo quan ji@h第3卷@i一个孤独的散步者的梦及其他@f李平沤译
210    @a北京@c商务印书馆@d2012.06
215    @a294页@c彩图@d24cm
305    @a根据伽里玛出版社1959年版译出
330    @a本书内容包括:一个孤独的散步者的梦及其他、《梦》的草稿、嘲笑者、随感、我的画像、致马尔泽尔布总监先生的四封信、《忏悔录》草稿等。
600  0 @a卢梭@c(Rousseau, Jean Jacques@f1712-1778)@j全集
600  0 @a卢梭@c(Rousseau, Jean Jacques@f1712-1778)
606 0  @a散文集@y法国@z近代
606 0  @a散文集
690    @aB565.26-52@v5
690    @aI565.64@v5
701  0 @c(法)@a卢梭@9lu suo@c(Rousseau, Jean-Jacques@f1712~1778)@4著
702  0 @a李平沤@9li ping ou@f(1924~)@4译
801  0 @aCN@bNLC@c20121102
905    @b542345-47@dB565.26-52@e60:3@f3
    
    卢梭全集.第3卷.一个孤独的散步者的梦及其他/李平沤译.-北京:商务印书馆,2012.06
    294页:彩图;24cm
    
    
    ISBN 978-7-100-09155-8(精装):CNY69.00
    本书内容包括:一个孤独的散步者的梦及其他、《梦》的草稿、嘲笑者、随感、我的画像、致马尔泽尔布总监先生的四封信、《忏悔录》草稿等。
●
相关链接 在E读中查询图书 在五车中查询图书 在当当中查询图书 在豆瓣中查询图书


正题名:卢梭全集     索取号:B565.26-52/60:3         预约/预借

序号 登录号 条形码 馆藏地/架位号 状态 备注
1 542345   205423451   第一样本阅览室/ [索取号:B565.26-52/60:3] 在馆    
2 542346   205423460   第一借阅区/ [索取号:B565.26-52/60:3] 在馆    
3 542347   205423479   第一借阅区/ [索取号:B565.26-52/60:3] 在馆    
唐山师范学院图书馆 欢迎您!
大连网信软件有限公司© 版权所有